| 000 | 01014nam a2200265Ia 4500 | ||
|---|---|---|---|
| 003 | GCL | ||
| 008 | 140319s9999 xx 000 0 ara d | ||
| 040 |
_aGCL / _cGCL |
||
| 082 | 0 | 4 |
_a303.32 _bا ث |
| 100 | 1 | _aاحمد النجار | |
| 245 | 1 | 0 |
_aثقافة التسامح بين الواقع والمأمول / _cاحمد النجار |
| 700 | 1 | _aاندريه زكى | |
| 700 | 1 | _aهانى عياد | |
| 250 | _aالاولى | ||
| 260 |
_aالقاهرة : _bالهيئة القبطية الانجيلية للخدمات الاجتماعية - قسم التنمية الثقافية ، _c2006 |
||
| 300 |
_a194 ص ؛ _c20 سم |
||
| 650 | 0 | 4 | _aالعلاقات الانسانية |
| 650 | 0 | 4 | _aالمجتمع المصرى |
| 650 | 0 | 4 | _aالتكيف الاجتماعى |
| 650 | 0 | 4 | _aالتسامح الدينى ومحاربة التطرف |
| 650 | 0 | 4 | _aالتوافق الاجتماعى |
| 650 | 0 | 4 | _aمصر - الاحوال الاجتماعية |
| 650 | 0 | 4 | _aالعنف - مصر |
| 942 |
_2ddc _cBK |
||
| 999 |
_c8932 _d8932 |
||